<?xml version="1.0" encoding="UTF-8"?>
<record
    xmlns:xsi="http://www.w3.org/2001/XMLSchema-instance"
    xsi:schemaLocation="http://www.loc.gov/MARC21/slim http://www.loc.gov/standards/marcxml/schema/MARC21slim.xsd"
    xmlns="http://www.loc.gov/MARC21/slim">

  <leader>01815nam a22002177a 4500</leader>
  <controlfield tag="003">OSt</controlfield>
  <controlfield tag="005">20250612121657.0</controlfield>
  <controlfield tag="008">200207s2017    ck ||||jr|||| 00| f spa d</controlfield>
  <datafield tag="020" ind1=" " ind2=" ">
    <subfield code="a">9789587576771</subfield>
  </datafield>
  <datafield tag="040" ind1=" " ind2=" ">
    <subfield code="a">CO-JMCR</subfield>
    <subfield code="c">CO-JMCR</subfield>
  </datafield>
  <datafield tag="082" ind1=" " ind2=" ">
    <subfield code="a">J-N</subfield>
    <subfield code="b">TORm</subfield>
  </datafield>
  <datafield tag="100" ind1="1" ind2=" ">
    <subfield code="a">Toro, Mar&#xED;a Paula, </subfield>
    <subfield code="e">autora</subfield>
    <subfield code="9">245</subfield>
  </datafield>
  <datafield tag="245" ind1="1" ind2="0">
    <subfield code="a">Mi hermano y su guitarra / </subfield>
    <subfield code="c">M. P. Toro</subfield>
  </datafield>
  <datafield tag="250" ind1=" " ind2=" ">
    <subfield code="a">Primera edici&#xF3;n</subfield>
  </datafield>
  <datafield tag="260" ind1=" " ind2=" ">
    <subfield code="a">Bogot&#xE1; : </subfield>
    <subfield code="b">Intermedio, </subfield>
    <subfield code="c">2017</subfield>
  </datafield>
  <datafield tag="300" ind1=" " ind2=" ">
    <subfield code="a">138 p&#xE1;ginas ; </subfield>
    <subfield code="c">23 cm.</subfield>
  </datafield>
  <datafield tag="500" ind1=" " ind2=" ">
    <subfield code="a">Incluye datos biogr&#xE1;ficos del autor</subfield>
  </datafield>
  <datafield tag="520" ind1=" " ind2=" ">
    <subfield code="a">&#xBF;Qu&#xE9; pasa cuando mueres antes de llegar a ser quien debes ser, cuando te arrebatan tus sue&#xF1;os en el momento mismo en que brutalmente te roban la vida? la historia de Gabriela y su hermano Daniel es una bella y conmovedora respuesta a este interrogante. Gabriela muere a sus catorce a&#xF1;os en el cruento atentado del Club El Nogal de Bogot&#xE1;. Sus sue&#xF1;os, sus ganas de vivir, fueron truncados de un tajo y al momento de atravesar el t&#xFA;nel que conecta la vida con la muerte, no puede hacerlo. Est&#xE1; atada a la vida por todo lo que qued&#xF3; pendiente, que la luz que gu&#xED;a a la mayor&#xED;a de las almas para ella es tan solo un tenue resplandor que no alumbra su camino. Se queda entonces a la orilla de la vida y elige seguir vivienda al lado de Daniel, su hermano menor, que por entonces ten&#xED;a ocho a&#xF1;os y pod&#xED;a verla y hablar con ella. Se convierte en su &#xE1;ngel, lo protege y lo gu&#xED;a para descubrir su gran talento para la m&#xFA;sica, vive con &#xE9;l sus luchas y glorias hasta que crece y alcanza la fama, no solo por el amor que le tiene sino tambi&#xE9;n como una forma de vivir lo que a ella le qued&#xF3; por vivir, pues la m&#xFA;sica es para su hermano lo que la escritura de historias era para ella cuando le robaron la vida.</subfield>
  </datafield>
  <datafield tag="650" ind1="1" ind2="4">
    <subfield code="a">Novela colombiana</subfield>
    <subfield code="9">25</subfield>
  </datafield>
  <datafield tag="942" ind1=" " ind2=" ">
    <subfield code="2">ddc</subfield>
    <subfield code="c">BK</subfield>
  </datafield>
  <datafield tag="999" ind1=" " ind2=" ">
    <subfield code="c">6446</subfield>
    <subfield code="d">6446</subfield>
  </datafield>
  <datafield tag="952" ind1=" " ind2=" ">
    <subfield code="0">0</subfield>
    <subfield code="1">0</subfield>
    <subfield code="2">ddc</subfield>
    <subfield code="4">0</subfield>
    <subfield code="7">0</subfield>
    <subfield code="a">CPL</subfield>
    <subfield code="b">CPL</subfield>
    <subfield code="d">2020-02-07</subfield>
    <subfield code="e">Donaci&#xF3;n</subfield>
    <subfield code="l">1</subfield>
    <subfield code="o">J-N TORm</subfield>
    <subfield code="p">201809681</subfield>
    <subfield code="r">2022-08-26 00:00:00</subfield>
    <subfield code="s">2022-08-12</subfield>
    <subfield code="t">Ej.1</subfield>
    <subfield code="w">2020-02-07</subfield>
    <subfield code="y">BK</subfield>
  </datafield>
</record>
